00850nab a2200229 uc450000100070000000500170000700800410002403500110006503500210007604000130009704100080011010000470011824500950016565000350026065000500029565000360034570000420038170000470042377301210047094200100059199900190060149457220240828091415.0990813e19900601 spa  a494572 a(OCoLC)819803662 ccomduadb aspa10aMartinez Pecero, Rodolfo4auteaut949792910aHuevo, larva y juvenil del peluquero chaetodipterus zonatus, girard, pisces : ephippididae 7aEcología animal2lemb932955 aPez peluquero : Chaetodipterus zonatus957457 aCiclo de vida (Biologia)95105910aMatus Nivon, Eloisa4auteaut929296210aRamirez Sevilla, Rodolfo4auteaut94983230 tRevista de Biología Tropical (San José)gVolumen 38, Número 01, Junio 1990, p. 71-78w104773x0034-7744091049 cARIMP c124618d124618